Les Choristes - audition - Statistiques

Statistiques générales
  • Ce quiz a été pris 11 fois
  • Le résultat moyen est 7 sur 11
Statistiques - réponses
Choriste Chanson Voix % Correct
Boniface Maréchal nous voilà (à gauche)
100%
(anonyme) Coucou hibou Alto
78%
Ricoeur J'ai du bon tabac Alto
78%
Pépinot J'connais pas de chanson Assistant chef de chœur
78%
Clément Aux armes citoyens (la Marseillaise) (à droite)
67%
Delaire Trois kilomètres à pieds Basse
67%
Pascal Mondain À la claire fontaine Baryton
56%
Illouz L'amour est enfant de bohême (Carmen) Soprano
44%
Leclerc Il est né le divin enfant Alto
33%
(anonyme) Ils ont des chapeaux ronds, vive la Bretagne Soprano
33%
(anonyme) Les monos c'est de la racaille (Les monos populaires) (à gauche)
33%
Aucun quiz correspondant
Distribution des résultats
% des personnes avec chaque résultat
Percentile par nombre de réponses
Votre historique - résultats
Vous n’avez pas pris ce quiz